Novelas ejemplares.

Saved in:
Bibliographic Details
Main Author: Cervantes y Saavedra, Miguel de (autor)
Other Authors: García López, Jorge (estudio y notas)
Format: Unknown
Published: Madrid, España: Espasa Calpe, 2018
Edition:Segunda edición.
Series:Biblioteca Clásica de la Real Academia Española; v.46.
Subjects:
Tags: Add Tag
No Tags, Be the first to tag this record!

MARC

LEADER 00000 a2200000 4500
003 CL-VaPUC
005 20230717172214.0
008 230710t2018 ||||| |||| 00| 0 eng d
999 |c 441189  |d 441187 
020 |a 9788467054033 
040 |c Pontificia Universidad Católica de Valparaíso 
082 |a 863 CER 2018 
100 |a Cervantes y Saavedra, Miguel de  |9 267947  |e autor 
245 |a Novelas ejemplares. 
250 |a Segunda edición. 
260 |a Madrid, España:  |b Espasa Calpe,  |c 2018  
490 |a Biblioteca Clásica de la Real Academia Española;   |v v.46. 
583 |k GC  |c 20230710 
650 0 |a Novelas españolas  |9 265052 
700 |a García López, Jorge  |e estudio y notas  |9 883647 
942 |2 ddc  |c BK 
952 |0 0  |1 0  |2 ddc  |4 0  |6 863_000000000000000_CER_2018  |7 0  |8 A  |9 590734  |a BIBEDU  |b BIBEDU  |c GEN  |d 2023-07-10  |e 3  |g 27791.00  |i 5657943  |o 863 CER 2018  |p 5657943  |r 2023-07-10  |t 2  |v 27791.00  |w 2023-07-10  |y BK  |k LIT 
952 |0 0  |1 0  |2 ddc  |4 0  |6 863_000000000000000_CER_2018  |7 0  |8 A  |9 590735  |a BIBEDU  |b BIBEDU  |c GEN  |d 2023-07-10  |e 3  |g 27791.00  |i 5657944  |o 863 CER 2018  |p 5657944  |r 2023-07-10  |t 3  |v 27791.00  |w 2023-07-10  |y BK  |k LIT 
952 |0 0  |1 0  |2 ddc  |4 0  |6 863_000000000000000_CER_2018  |7 0  |8 A  |9 590736  |a BIBEDU  |b BIBEDU  |c GEN  |d 2023-07-10  |e 3  |g 27791.00  |i 5657942  |l 1  |o 863 CER 2018  |p 5657942  |r 2023-09-04  |s 2023-08-25  |t 1  |v 27791.00  |w 2023-07-10  |y BK  |k LIT